000 00599nam a2200193Ia 4500
005 20260114185552.0
008 008 260114s9999 xx 000 0 eng d
020 _a9798400658730
037 _aEBOOK
040 _aCRL
_beng
_cCRL
041 _aeng
_2eng
084 _qCRL
100 _aRandy Moore, Kara Felicia Witt
_9871677
245 4 _aThe Grand Canyon An Encyclopedia of Geography, History, and Culture
260 _bBloomsbury
_c2018
856 _uhttps://doi.org/10.5040/9798400658730?locatt=label:secondary_bloomsburyCollections
942 _cEBOOK
999 _c1470625
_d1470625